Aplikácia aspektov prevzatia záväzkov a pohľadávok [I. časť]

Pohľadávky a záväzky - vznikajú, zanikajú a menia svoj obsah a účastníkov. Príklady na rôzne situácie z praxe. Pokračovanie v ďalšom čísle HN.

Uložené v:
Podrobná bibliografia
Hlavný autor: Naništová, Oliva
Médium: Kapitola
Jazyk:Slovak
Predmet:
Tagy: Pridať tag
Žiadne tagy, Buďte prvý, kto otaguje tento záznam!

MARC

LEADER 00000naa a2200000 4500
001 r045526
005 20230925125859.2
041 0 |a slo 
044 |a SK 
245 1 0 |a Aplikácia aspektov prevzatia záväzkov a pohľadávok [I. časť]  |c Oliva Naništová 
520 |a Pohľadávky a záväzky - vznikajú, zanikajú a menia svoj obsah a účastníkov. Príklady na rôzne situácie z praxe. Pokračovanie v ďalšom čísle HN. 
610 2 0 |a pohľadávky 
610 2 0 |a záväzky 
610 2 0 |a záväzky podniku 
610 2 0 |a úkony právne 
610 2 0 |a vzťahy obchodné 
610 2 0 |a veritelia 
610 2 0 |a dlžníci 
610 2 0 |a úpravy právne 
100 1 |a Naništová, Oliva